01200nam a2200253 a 450000100060000000300090000600800410001502000140005604000280007008200180009810000380011624500330015426000470018730000110023450502940024559000470053965000380058665000540062465000490067865000370072794200120076499900170077695201530079319251CO-ViMGA141112s2004 ck r 000 u spa d a958954952 aCO-ViMGAbspacCO-ViMGA04a901.017 O173a1 aObregón Andreu, Mauricio92765010aAtlas de los descubrimientos aBogotá : bCristina Uribe editores; 1999 a192 p. aClimas y firmamento : circunferencia de la tierra Naves y navegación : siglo XV - XVI Griegos y Polinesios La Argonáutica La odisea : caminos cirumpolares de estrellas El Islam y los vikingos el año de 1492 - mapas Cristóbal Colón Descubrimiento de la Costa colombiana Magallanes aForma de adquisición : Premio Mincultura14aAmérica - DESCUBRIMIENTO91873714aCOLOMBIA - DESCUBRIMIENTOS Y EXPLORACIONES92765114aDESCUBRIMIENTO GEOGRAFICOS - HISTORIA92765214aEXPLORADORES - BIOGRAFIAS927653 2ddccBK c28413d28413 00102ddc40708003aMEVIECARbMEVIECARd2015-12-04hVolumen. 1 | 11/jun/2009l0o901.017 O173a p19251r2015-12-04 00:00:00tEj. 1w2015-12-04yBK